Normal view
MARC view
- Supervised by Naveed Iqbal Rao
Entry Personal Name
001 - CONTROL NUMBER
- control field: 132021
003 - CONTROL NUMBER IDENTIFIER
- control field: NUST
005 - DATE AND TIME OF LATEST TRANSACTION
- control field: 20251124130417.0
008 - FIXED-LENGTH DATA ELEMENTS
- fixed length control field: 251124|| aca||aabn | a|a d
040 ## - CATALOGING SOURCE
- Original cataloging agency: NUST
- Transcribing agency: NUST
100 ## - HEADING--PERSONAL NAME
- Personal name: Supervised by Naveed Iqbal Rao
670 ## - SOURCE DATA FOUND
- Source citation: Work cat.: (NUST)188989: Tila, Hassan Bin (TCC-19) 132020, Novel UWB-Based through the wall imaging system /, August 2011
